Jedlé a léčivé houby pěstování a využití

Gespeichert in:
Bibliographische Detailangaben
Hauptverfasser: Jablonský, Ivan, 1942-, Šašek, Václav 1937- (Verfasst von)
Weitere Verfasser: Procházka, Otakar (il.)
Format: Buch
Sprache:Tschechisch
Veröffentlicht: Praha Brázda 2006
Ausgabe:Vyd. 1.
Schlagworte:
Online-Zugang:Im OPAC anzeigen
Tags: Tag hinzufügen
Keine Tags, Fügen Sie das erste Tag hinzu!

MARC

LEADER 00000nam a2200000 a 4500
005 20260127134202.0
008 060728 2006 xr oa f 001 0 cze c
020 |a 8020903410 (viaz.) 
035 |a vtls008834936 
039 9 |a 201807100850  |b mschk03  |c 200912210841  |d msnmk05  |c 200704241304  |d msvkpo04  |c 200607281337  |d msvkpo03  |y 200607281043  |z msvkpo05 
040 |a SVKPO  |b slo  |c SVKPO  |d STUSCHK1  |e AACR2 
041 0 |a cze 
044 |a xr  |c CZ 
072 7 |a 635  |x Záhradkárstvo  |2 konspekt 
080 |a 635.8  |2 MDT-MRF 
080 |a 615.89:633.88  |2 MDT-MRF 
080 |a 633/635  |2 MDT-MRF 
100 1 |a Jablonský, Ivan,  |d 1942- 
245 1 0 |a Jedlé a léčivé houby  |b pěstování a využití  |c Ivan Jablonský a Václav Šašek ; [autor perokreseb Otakar Procházka] 
250 |a Vyd. 1. 
260 |a Praha  |b Brázda  |c 2006 
300 |a 263 s., [16] s. fareb. obr. príl.  |b il.  |c 24 cm 
504 |a Bibliografia, internetové odkazy a register 
650 0 7 |a jedlé huby  |2 snkph 
650 0 7 |a fytoterapia  |2 snkph 
650 0 7 |a pestovanie rastlín  |2 snkph 
700 1 |a Šašek, Václav  |d 1937-  |4 aut 
700 1 |a Procházka, Otakar  |4 il. 
910 |a svkpo 
910 |a snmk 
910 |a SCHK95 
919 |a 80-209-0341-0 
999 |c 6123  |d 6123